000 00582 a2200181 4500
999 _c2353
_d2353
020 _a9781435487574
050 _aHV7936.C83 MIL 2011
100 _aMiller, Linda S.
245 _aCommunity Policing
_bPartnerships for problem solving
_cLinda S. Miller, Karen Matison Hess and Christine Hess Orthmann
250 _a6th ed.
264 _aNew York
_bDelmar
_c2011
300 _a545p.,
_bcol. ill.
500 _aCommunity policing
650 _aCommunity Policing
700 _aHess, Karen Matison
700 _aOrthmann, Christine Hess
942 _2olc
_cBK
_e6th ed.
_h7936.C83
_iMIL
_kHV